| 000 | 01032cam a22001934a 4500 | ||
|---|---|---|---|
| 005 | 20250605163935.0 | ||
| 008 | 250528s ||||||||||||||||||||||||d | ||
| 035 | _a14856 | ||
| 020 | _a521389089 | ||
| 040 |
_aGR-AtMCL _bgre _dGR-AtMCL _eAACR2 |
||
| 245 | 1 | _aAnthropology Through the Looking-Glass / Critical Ethnography in the Margins of Europe | |
| 260 |
_bCambridge University Press, _c1993 |
||
| 300 | _a260 | ||
| 520 | _aThis innovative and ambitious book moves Greek ethnography from the margins to the center of anthropological theory, and demonstrates the theoretical insights that can thereby be gained. Preface, Key to Symbols, Romanticism and Hellenism: Burdens of Otherness, A Secular Cosmology, Aboriginal Europeans, Difference as Identity, The Double-Headed Eagle: Self-Knowledge and Self-Display, Strict Definitions and Bad Habits, The Practice of Relativity, Etymologies of a Discipline, Notes, Bibliography, Index. | ||
| 700 | 1 |
_aHerzfeld Michael _9628 |
|
| 942 | _cBK | ||
| 999 |
_c467 _d467 |
||